Miasta w województwie mazowieckim po powiatach - Statystyki

Ogólne statystyki
  • Ten quiz został rozwiązany 29 razy
    9 od ostatniego zresetowania
  • Średni wynik to 88 z 114
Statystyki odpowiedzi
lp. Populacja Miasto % Poprawnych
1 6 500 Białobrzegi
100%
1 42 000 Ciechanów
100%
1 17 000 Garwolin
100%
2 2 800 Glinojeck
100%
1 17 000 Gostynin
100%
1 35 000 Grodzisk Mazowiecki
100%
1 17 000 Grójec
100%
2 23 000 Konstancin-Jeziorna
100%
1 16 000 Kozienice
100%
1 7 000 Łosice
100%
1 9 000 Maków Mazowiecki
100%
1 46 000 Marki
100%
2 16 000 Milanówek
100%
1 40 000 Mińsk Mazowiecki
100%
1 31 000 Mława
100%
4 3 500 Mrozy
100%
5 48 000 Ostrołęka
100%
1 22 000 Ostrów Mazowiecka
100%
2 16 000 Ożarów Mazowiecki
100%
1 52 000 Piaseczno
100%
2 23 000 Piastów
100%
1 17 000 Pionki
100%
3 110 000 Płock
100%
1 22 000 Płońsk
100%
1 66 000 Pruszków
100%
1 17 000 Przasnysz
100%
1 6 000 Przysucha
100%
1 19 000 Pułtusk
100%
2 193 000 Radom
100%
4 75 000 Siedlce
100%
1 17 000 Sierpc
100%
1 33 000 Sochaczew
100%
1 18 000 Sokołów Podlaski
100%
2 21 000 Sulejówek
100%
1 12 000 Szydłowiec
100%
4 4 300 Tarczyn
100%
7 8 000 Tłuszcz
100%
2 12 000 Warka
100%
1 1 900 000 Warszawa
100%
1 13 000 Węgrów
100%
3 36 000 Wołomin
100%
1 26 000 Wyszków
100%
2 45 000 Ząbki
100%
5 18 000 Zielonka
100%
1 8 500 Żuromin
100%
1 7 900 Zwoleń
100%
1 39 000 Żyrardów
100%
3 1 900 Brok
80%
3 12 000 Góra Kalwaria
80%
3 3 800 Halinów
80%
2 4 900 Iłża
80%
2 21 000 Józefów
80%
5 2 700 Kałuszyn
80%
4 28 000 Kobyłka
80%
1 52 000 Legionowo
80%
1 5 200 Lipsko
80%
2 6 800 Łochów
80%
1 18 000 Łomianki
80%
2 4 800 Małkinia Górna
80%
1 1 700 Mordy
80%
1 29 000 Nowy Dwór Mazowiecki
80%
1 44 000 Otwock
80%
3 3 900 Podkowa Leśna
80%
6 13 000 Radzymin
80%
2 2 700 Różan
80%
2 940 Solec nad Wisłą
80%
4 3 900 Żelechów
80%
3 12 000 Błonie
60%
3 14 000 Brwinów
60%
6 2 300 Cegłów
60%
4 730 Ciepielów
60%
5 990 Czerwińsk nad Wisłą
60%
8 1 800 Dobre
60%
3 780 Gielniów
60%
3 830 Głowaczów
60%
2 1 100 Jastrząb
60%
4 4 100 Jedlnia-Letnisko
60%
3 9 300 Karczew
60%
2 400 Kazanów
60%
2 4 900 Łaskarzew
60%
2 1 000 Magnuszew
60%
4 2 300 Mogielnica
60%
2 6 000 Mszczonów
60%
1 3 400 Myszyniec
60%
2 7 700 Nasielsk
60%
4 1 500 Nowe Miasto
60%
3 4 300 Nowe Miasto nad Pilicą
60%
2 1 000 Odrzywół
60%
3 4 500 Pilawa
60%
5 900 Przytyk
60%
2 4 100 Raciąż
60%
2 1 800 Sanniki
60%
7 2 200 Siennica
60%
3 930 Sienno
60%
3 4 400 Skaryszew
60%
3 1 900 Sochocin
60%
9 1 700 Stanisławów
60%
3 1 300 Wiskitki
60%
2 880 Wyśmierzyce
60%
2 1 900 Bieżuń
40%
5 1 100 Bodzanów
40%
2 3 100 Chorzele
40%
2 2 900 Drobin
40%
1 4 100 Gąbin
40%
8 900 Jadów
40%
2 2 100 Kosów Lacki
40%
10 1 300 Latowicz
40%
3 1 600 Lubowidz
40%
5 1 400 Maciejowice
40%
4 1 100 Osieck
40%
2 5 400 Serock
40%
4 2 200 Staroźreby
40%
3 2 600 Wyszogród
40%
3 3 200 Zakroczym
40%
Nie znaleziono quizów pasujących do podanych kryteriów
Rozkład punktacji
Procent ludzi z każdym wynikiem
Percentyl według liczby udzielonych odpowiedzi
Twoja historia wyników
Nie rozwiązałeś tego quizu od ostatniego zresetowania